000 00763cam a2200241 a 4500
001 4322
003 BD-RjUL
005 20211208233854.0
008 131222s1972 ii 00| 0 eng d
035 _a(BD-RjUL)4357
040 _aDLC
_cDLC
_dDLC
_beng
041 _aeng
082 0 0 _a174.30954
_219
_bANG 1972
100 1 _aAnand, C. L.
_q(Chuni Lal)
_913690
245 1 0 _aGeneral principles of legal ethics /
_cby C.L. Anand.
260 _aAllahabad, India :
_bLaw Book Co.,
_c1972.
300 _axxiii, 358p. :
_c25 cm.
500 _aSpine title: Anand's professional ethics of the bar.
500 _a"1965 Edition with 1972 suppliment"
504 _aIncludes bibliographical references and index.
650 0 _aLegal ethics
_zIndia.
_913691
942 _2ddc
_cBK
999 _c4322
_d4322